|
|
|
|
| LEADER |
02101nam a2200349 a 4500 |
| 001 |
0017809 |
| 003 |
BD-DhAAL |
| 008 |
100324s2001 caua bc 001 0deng d |
| 010 |
|
|
|a \\\00045595
|
| 020 |
|
|
|a 0810942232
|
| 040 |
|
|
|a DLC
|c DLC
|d DLC
|d BD-DhAAL
|
| 082 |
0 |
0 |
|a 720.92
|2 21
|
| 100 |
1 |
|
|a Schindler, R. M.
|q (Rudolph M.),
|d 1887-1953.
|9 31847
|
| 245 |
1 |
4 |
|a The architecture of R.M. Schindler /
|c organized by Elizabeth A.T. Smith and Michael Darling ; essays by Michael Darling ... [et al.].
|
| 260 |
|
|
|a Los Angeles, Calif. :
|b Museum of Contemporary Art, Los Angeles ;
|a New York :
|b In association with Harry N. Abrams,
|c c2001.
|
| 300 |
|
|
|a 284 p. :
|b ill. (some col.) ;
|c 29 cm
|
| 500 |
|
|
|a Published to accompany an exhibition held at the Museum of Contemporary Art, Los Angeles, Calif., Feb. 25-June 3, 2001, National Building Museum, Washington, D.C., June 29-Oct. 7, 2001, and the MAK--Austrian Museum of Applied Arts, Vienna, Austria, Nov. 13, 2001-Feb. 10, 2002.
|
| 504 |
|
|
|a Includes bibliographical references (pages [277]-281) and index.
|
| 526 |
|
|
|a ARC
|x Md. Shajjad Hossain,
Faculty members of the Department of Architecture
|
| 541 |
1 |
|
|a Zeenat Book Supply Limited
|e 0017809
|
| 600 |
1 |
0 |
|a Schindler, R. M.
|q (Rudolph M.),
|d 1887-1953
|v Catalogs.
|9 31848
|
| 650 |
|
0 |
|a Modern movement (Architecture)
|z California
|v Catalogs.
|9 31849
|
| 650 |
|
0 |
|a Architecture
|z California
|x History
|y 20th century
|v Catalogs.
|9 31850
|
| 700 |
1 |
|
|a Smith, Elizabeth A. T.,
|d 1958-
|9 31851
|
| 700 |
1 |
|
|a Darling, Michael.
|9 31852
|
| 710 |
2 |
|
|a Museum of Contemporary Art (Los Angeles, Calif.)
|9 31853
|
| 710 |
2 |
|
|a National Building Museum (U.S.)
|9 31854
|
| 710 |
2 |
|
|a Österreichisches Museum für Angewandte Kunst.
|9 31855
|
| 852 |
4 |
|
|a Ayesha Abed Library
|c General Stacks
|
| 942 |
|
|
|2 ddc
|c BK
|
| 999 |
|
|
|c 7854
|d 7854
|
| 952 |
|
|
|0 0
|1 0
|2 ddc
|4 0
|6 720_920000000000000_SCH_2001
|7 0
|9 8778
|a BRACUL
|b BRACUL
|c GEN
|d 2010-03-24
|e Zeenat Book Supply Limited
|g 6300.00
|l 2
|o 720.92 SCH
|p 3010017809
|r 2024-03-05
|s 2024-02-22
|t 1
|w 2010-03-24
|y BK
|x Requisitioned by Md. Shajjad Hossain (Faculty members of the Department of Architecture).
|